Statistiques concernant Les Stations du métro marseillais

Cliquez ici pour prendre le quiz!

Statistiques générales

  • Ce quiz a été pris 39 fois
  • Le résultat moyen est 17 sur 31

Statistiques - réponses

LignesStations% Correct
1Vieux Port
85%
1Saint-Charles
82%
2Saint-Charles
82%
2Castellanne
74%
1La Rose
74%
1Castellane
68%
2Rond-Point du Prado
68%
1La Fourragère
65%
1La Timone
62%
1Malpassé
59%
2Périer
59%
2Saint Marguerite Dromel
59%
2Joliette
56%
2Noailles
56%
2Bougainville
53%
1Frais Vallon
53%
2National
53%
2Notre-Dame du Mont
53%
1Saint-Just
53%
1Estrangin
50%
2Gèze
50%
1La Blancarde
50%
1Saint Barnabé
50%
2Jules Guesde
47%
1Baille
44%
1Colbert
44%
2Désirée Clary
41%
1Chartreux
38%
1Réformés Canebière
38%
1Cinq Avenues Longchamp
35%
1Louis Armand
32%

Distribution des résultats

Percentile par nombre de réponses

% des personnes avec chaque résultat

Votre développement - résultats

Vous n’avez pas pris ce quiz